01349nam a2200313 a 450000100100000000500170001000800410002702000180006804000250008608200150011110000410012624000920016724501070025926000300036630000360039649000540043249000480048650000330053450000540056750400320062165000310065370000360068470000320072083000550075283000610080791000370086895201130090599900170101800004053120201002034208.0130830s1999 sp a 001 0 spa d a9788420635361 aDO-SdBNPbspacBNPHU a109bS689b1 aSolomon, Robert C.d1942-200796683110aTítulo original: A passion for Wisdom: a very brief history of philosophy.lEspañol10aBreve historia de la Filosofía /cRobert C. Solomon, Kathleen M. Higgins ; traductor Ángel Rivera. aMadrid :bAlianza,c1999. a209 p. :bil., retrs. ;c18 cm.1 aEl Libro de bolsillo (Alianza)aHumanidadesv44101 aEl Libro de bolsillo (Alianza)aFilosofía aIncluye índice analítico aLa biblioteca posee la 2a. reimpresión del 2007 aBibliografía : p. 196-200 4aFilosofíaxHistoria952812aHiggins, Kathleen Marie.96683212aRivero, Ángeletr.966392 0aEl Libro de bolsillo (Alianza)pFilosofía966833 0aEl Libro de bolsillo (Alianza)pHumanidadesn4410966834 aValidado. Control de calidad MFF 001050718MOaGRbGRcHDd2013-08-30iLF1l0o109 S689bp40531-10r2020-06-25w2020-06-25y1ZNo se presta c40021d40021